Teoría de la inversión / (Registro nro. 8273)
[ vista simple ]
| 000 -LEADER | |
|---|---|
| fixed length control field | 01465nam a2200289Ia 4500 |
| 003 - CONTROL NUMBER IDENTIFIER | |
| control field | OSt |
| 005 - DATE AND TIME OF LATEST TRANSACTION | |
| control field | 20210809153606.0 |
| 008 - FIXED-LENGTH DATA ELEMENTS--GENERAL INFORMATION | |
| fixed length control field | 210310s1947 mx ad fr 001 0 spa d |
| 040 ## - CATALOGING SOURCE | |
| Original cataloging agency | CO-JMCR |
| Transcribing agency | CO-JMCR |
| 041 1# - LANGUAGE CODE | |
| Language code of text/sound track or separate title | spa |
| Language code of original | eng |
| 082 04 - DEWEY DECIMAL CLASSIFICATION NUMBER | |
| Classification number | 332.6 / |
| Item number | E924t |
| Edition number | 23 |
| 100 1# - MAIN ENTRY--PERSONAL NAME | |
| Personal name | Evans, G.H., |
| 9 (RLIN) | 16811 |
| Relator term | autor |
| 245 10 - TITLE STATEMENT | |
| Title | Teoría de la inversión / |
| Statement of responsibility, etc. | G.H., Evans, G. E., Barnett ; versión española de Teodoro Ortiz ; con un apéndice sobre el mercado de valores en México por Julián Bernal Molina |
| 250 ## - EDITION STATEMENT | |
| Edition statement | Primera edición |
| 260 ## - PUBLICATION, DISTRIBUTION, ETC. | |
| Place of publication, distribution, etc. | México : |
| Name of publisher, distributor, etc. | Fondo de Cultura Económica, |
| Date of publication, distribution, etc. | 1947 |
| 300 ## - PHYSICAL DESCRIPTION | |
| Extent | 229 páginas : |
| Other physical details | ilustraciones y gráficas a blanco y negro ; |
| Dimensions | 21 cm. |
| 490 0# - SERIES STATEMENT | |
| Series statement | Obras de Economía |
| 500 ## - GENERAL NOTE | |
| General note | Incluye índice analítico y notas a pie de página.<br/>Título original: Principles of Investment |
| 505 0# - FORMATTED CONTENTS NOTE | |
| Formatted contents note | Inversión y especulación -- Fondos presentes y futuros -- La tasa pura de interés -- Naturaleza de inseguridad -- Tratamiento de las inseguridad -- Tratamiento de la inseguridad -- Liquidez -- Imponibilidad -- Estimación de las cualidades de las inversiones -- Instituciones de inversión -- Análisis de valores |
| 546 ## - LANGUAGE NOTE | |
| Language note | Traducido del inglés. |
| 650 14 - SUBJECT ADDED ENTRY--TOPICAL TERM | |
| Topical term or geographic name entry element | Inversiones de capital |
| 9 (RLIN) | 16813 |
| 650 24 - SUBJECT ADDED ENTRY--TOPICAL TERM | |
| Topical term or geographic name entry element | Inversión financiera |
| 9 (RLIN) | 39202 |
| 700 1# - ADDED ENTRY--PERSONAL NAME | |
| Personal name | Barnett, G. E. |
| Relator term | autor |
| 9 (RLIN) | 16811 |
| 700 1# - ADDED ENTRY--PERSONAL NAME | |
| Personal name | Ortiz, Teodoro, |
| Relator term | traductor |
| 9 (RLIN) | 8929 |
| 700 1# - ADDED ENTRY--PERSONAL NAME | |
| Personal name | Bernal Molina, Julián, |
| Relator term | autor de apéndice |
| 9 (RLIN) | 39203 |
| 942 ## - ADDED ENTRY ELEMENTS (KOHA) | |
| Source of classification or shelving scheme | Dewey Decimal Classification |
| Koha item type | Books |
| Withdrawn status | Lost status | Source of classification or shelving scheme | Damaged status | Not for loan | Collection code | Home library | Current library | Date acquired | Source of acquisition | Full call number | Barcode | Date last seen | Copy number | Koha item type |
|---|---|---|---|---|---|---|---|---|---|---|---|---|---|---|
| Dewey Decimal Classification | Non-fiction | Biblioteca Pública José María del Castillo y Rada | Biblioteca Pública José María del Castillo y Rada | 04/15/2018 | Donación | 332.6 / E924t | 430002861 | 05/16/2024 | Ej.1 | Books |